00845 2200229 4500001002100000005001500021008004100036020001800077035001900095041000800114082001100122084001700133100002200150700000800172245004600180250001100226260004600237300001800283520023900301650003100540650004400571INLIS00000000000672920200508203659200508||||||||| | ||| |||| ||ind|| a978-8767-26-8 0010-0520006729 aind0 a340.03 a340.03/RAN/T0 aI.P.M Ranuhandoko0 aB.A00aTerminologi Hukum Inggris-Indonesia 06687 aCet. 4 aJakartabPT. Gramedia Pustaka Utamac2006 a545 halc23cm aTerminologi Hukum Inggris - Indonesia ini tersaji dalam sistem Anglo Amerikan. Istilah hukum dalam bahasa Inggris dewasa ini diperlukan untuk mengantisipasi timbulnya kasus lintas negara dan menambah khasanah keilmuan di bidang hukum. 0aLtw-Dictionaries-Indonesia 0aEnglish Language-Dictionaries Indonesia